Avenged Sevenfold Songs - Statistics

General Stats
  • This quiz has been taken 1,283 times
  • The average score is 36 of 81
Answer Stats
Answer % Correct
2 Hail to the King Hail to the King
97%
1 Nightmare Nightmare
94%
4 City of Evil Bat Country
80%
4 Avenged Sevenfold Afterlife
79%
11 Diamonds in the Rough Afterlife (Alternate Version)
79%
2 Nightmare Welcome to the Family
79%
1 City of Evil Beast and the Harlot
77%
9 Avenged Sevenfold A Little Piece of Heaven
74%
6 Nightmare So Far Away
70%
2 Avenged Sevenfold Almost Easy
68%
10 Diamonds in the Rough Almost Easy (CLA Mix)
68%
4 Nightmare Buried Alive
68%
1 Hail to the King Shepherd of Fire
68%
1 Avenged Sevenfold Critical Acclaim
67%
10 Avenged Sevenfold Dear God
67%
2 Waking the Fallen Unholy Confessions
64%
3 Avenged Sevenfold Scream
62%
4 Hail to the King This Means War
62%
10 Nightmare Fiction
61%
5 Avenged Sevenfold Gunslinger
61%
11 City of Evil M.I.A
61%
6 City of Evil Seize the Day
61%
10 Hail to the King Acid Rain
58%
3 Nightmare Danger Line
58%
11 Nightmare Save Me
58%
7 Avenged Sevenfold Brompton Cocktail
54%
7 Nightmare God Hates Us
53%
8 Avenged Sevenfold Lost
53%
1 Waking the Fallen Waking the Fallen
53%
5 Nightmare Natural Born Killer
52%
8 Nightmare Victim
51%
9 Hail to the King Planets
50%
3 City of Evil Blinded In Chains
48%
3 Waking the Fallen Chapter Four
48%
6 Avenged Sevenfold Unbound [The Wild Ride]
48%
8 Hail to the King Coming Home
47%
5 City of Evil Trashed and Scattered
47%
6 Hail to the King Crimson Day
46%
3 Hail to the King Doing Time
46%
7 Hail to the King Heretic
46%
9 Waking the Fallen I Wont See You Tonight, Part 1
46%
10 Waking the Fallen I Wont See You Tonight, Part 2
46%
5 Hail to the King Requiem
46%
7 City of Evil Sidewinder
46%
2 City of Evil Burn It Down
45%
7 Waking the Fallen Second Heartbeat
45%
9 Nightmare Tonight the World Dies
43%
10 City of Evil Betrayed
39%
9 City of Evil Strength of the World
39%
7 Diamonds in the Rough Walk (Pantera Cover)
39%
8 City of Evil The Wicked End
37%
3 Diamonds in the Rough Crossroads
34%
2 Diamonds in the Rough Girl I Know
34%
9 Diamonds in the Rough Dancing Dead
33%
7 Sounding the Seventh Trumpet Warmness On the Soul
30%
1 Diamonds in the Rough Demons
29%
6 Waking the Fallen Eternal Rest
29%
1 Other Carry On
28%
4 Diamonds in the Rough Flash of the Blade (Iron Maiden Cover)
25%
8 Waking the Fallen Radiant Eclipse
25%
12 Sounding the Seventh Trumpet Streets
25%
2 Other Not Ready to Die
24%
12 Waking the Fallen And All Things Will End
23%
11 Waking the Fallen Clairvoyant Disease
23%
6 Diamonds in the Rough Tension
23%
1 Sounding the Seventh Trumpet To End the Rapture
23%
5 Diamonds in the Rough Until the End
23%
5 Waking the Fallen Desecrate Through Reverence
21%
4 Waking the Fallen Reminissions
21%
2 Welcome to the Family 4:00 AM
19%
3 Sounding the Seventh Trumpet Darkness Surrounding
19%
8 Diamonds in the Rough The Fight
18%
6 Sounding the Seventh Trumpet Lips of Deceit
17%
5 Sounding the Seventh Trumpet We Come Out at Night
17%
2 Sounding the Seventh Trumpet Turn the Other Way
16%
4 Sounding the Seventh Trumpet The Art of Subconscious Illusion
15%
11 Sounding the Seventh Trumpet Thick and Thin
15%
10 Sounding the Seventh Trumpet Forgotten Faces
13%
13 Sounding the Seventh Trumpet Shattered By Broken Dreams
13%
8 Sounding the Seventh Trumpet An Epic of Time Wasted
12%
9 Sounding the Seventh Trumpet Breaking Their Hold
12%
No matching quizzes found
Score Distribution
Percent of People with Each Score
Percentile by Number Answered
Your Score History
You have not taken this quiz